On This Day: October 30th Quiz Stats

 Plays Quiz Updated Oct 30, 2017

Challenge
Share
Tweet
Embed
Score 0/7 Timer 03:00
0 Plays Today
Question Answer Wrong Answers
This man broadcasts his radio play of ‘The War of the Worlds’ by H. G. Wells, causing panic among some of the audience in the United States.
1938
Orson Welles
90.8%
Alfred Hitchcock
4.7%
Charlie Chaplin
1.4%
Joseph Cotten
2.2%
This city, now the capital of Montana, is founded after four prospectors discover gold at ‘Last Chance Gulch’.
1864
Helena
83.4%
Missoula
2.2%
Billings
9.6%
Bozeman
4.1%
This American lawyer and politician, the 2nd President of the United States, is born.
1735
John Adams
82.9%
Thomas Jefferson
12.6%
James Madison
3%
James Monroe
1.4%
In their second referendum on national sovereignty, citizens of this province narrowly vote in favor of remaining a province of Canada.
1995
Quebec
78.5%
Ontario
3.8%
Nova Scotia
12.3%
Manitoba
3.3%
The Soviet Union detonates ______ over Novaya Zemlya, the largest explosive device ever detonated, nuclear or otherwise.
1961
Tsar Bomba
59%
Castle Bravo
6.9%
Trinity
27.3%
Sedan
4.8%
The Rochester Royals and the Boston Celtics play the first NBA game with a shot clock of this length.
1954
24 seconds
43.5%
35 seconds
14.9%
45 seconds
15.3%
60 seconds
24.5%
Pope Pius XII witnesses the ‘Miracle of the ______’ while at the Vatican.
1950
Sun
38.1%
Moon
13.1%
Stars
23%
Planets
24.4%

Today's Daily Dose

Missing Word
No Snow!

Word Ladder
Wild Cats

On This Day
December 16th II

You're not logged in!

Compare scores with friends on all Sporcle quizzes.
OR
Log In

You Might Also Like...

Show Comments

Extras

Top Quizzes Today


Score Distribution

Your Account Isn't Verified!

In order to create a playlist on Sporcle, you need to verify the email address you used during registration. Go to your Sporcle Settings to finish the process.

Report this User

Report this user for behavior that violates our Community Guidelines.

Details: